Fruits du français à l'espagnol #3 - Statistiques

Statistiques générales
  • Ce quiz a été pris 56 fois
  • Le résultat moyen est 5 sur 10
Statistiques - réponses
Hint Réponse % Correct
Kiwi Kiwi
97%
Melon Melon
88%
Noix de coco Coco
75%
Papaye Papaya
66%
Raisin Uva
63%
Pamplemousse Pomelo
47%
Abricot Albaricoque
44%
Groseille Grosella
25%
Myrtille Arandano
19%
Prune Ciruela
19%
Aucun quiz correspondant
Distribution des résultats
% des personnes avec chaque résultat
Percentile par nombre de réponses
Votre historique - résultats
Vous n’avez pas pris ce quiz